| 000 | 00865nam a22002057a 4500 | ||
|---|---|---|---|
| 005 | 20180502105155.0 | ||
| 010 | _a1718EN-30 | ||
| 020 |
_a9789386432957 B-687061-092 _c2295.00 |
||
| 035 | _aB-687061-092 | ||
| 037 |
_bIndex International _adpl |
||
| 082 | _a343.94055 | ||
| 100 | _aGarg, Rakesh | ||
| 245 |
_aGST guide with ready reckoner / _c by Rakesh garg [and] Sandeep garg |
||
| 260 |
_aNew Delhi _bBloomsbury _c2017 |
||
| 270 |
_a2nd Floor, Building No.4, DDA Complex LSC, Pocket-C-6&&, Vasant Kunj, _bNew Delhi _e110070 |
||
| 300 | v |
_axl,1326p. _c22cm(pbk) |
|
| 700 | _aGarg, Sandeep | ||
| 942 |
_2ddc _cEN _mGAR _h343.94055 |
||
| 999 |
_c145387 _d145387 |
||